000 00469pam a2200181 a 4500
020 _a8171794904
_c495.00
041 _aeng
_hNULL
082 _a617.3
_bKUL
100 _aKULKARNI, G .
245 _aRECENT ADVANCES IN ORTHOPAEDICS : 2 /
_cNULL.
_hTextual Documents
260 _aNULL :
_bJAYPEE BROTHERS MEDICAL PUB. ,
_c1997.
300 _a634 ;
_cNULL.
365 _a495.00
_e1
907 _a4574
930 _a1830
999 _c796366
_d796366
650 _aORTHO